000 00441nam a22001577a 4500
020 _a978-93-5962-746-5
082 _a894.812
_bABB/O
100 _aABBAS, MUHMMED
245 _aORU PAINT PANIKKARANTE LOKASANCHARANGAL
246 _aORU PAINT PANIKKARANTE LOKASANCHARANGAL
_bORU PAINT PANIKKARANTE LOKASANCHARANGAL
260 _aINDIA
_bMATHRUBHUMI
300 _a142
520 _aTRAVELOGUE
650 _aMALAYALAM TRAVALOGUE
942 _cBK
999 _c8764
_d8764